Statistics for Marvel's Iron Man Characters Quiz

Click here to take the quiz!

General Stats

  • This quiz has been taken 255 times
  • The average score is 3 of 5

Answer Stats

Actor/ActressDescriptionCharacter% Correct
Robert Downey Jr.An industrialist, genius inventor, and consummate playboy; the CEO of Stark Industries; a chief weapons manufacturer for the U.S. militaryTony Stark/Iron Man
100%
Gwyneth PaltrowStark's personal assistant and budding love interestPepper Potts
84%
Jeff BridgesStark's business second-in-command, mentor and friend who turns on him to overtake the company, eventually building a giant exosuit to fight StarkObadiah Stane
62%
Terrence HowardA friend of Stark's, and the liaison between Stark Industries and the United States Air Force in the department of acquisitions, specifically weapons developmentLt. Colonel James "Rhodey" Rhodes
54%
Shaun ToubStark's fellow captive, who grafts an electromagnet to Stark's chest "to keep the shrapnel shell shards that wounded him from reaching his heart and killing him", and who helps Stark build the first Iron Man suitYinsen
40%

Score Distribution

Percentile by Number Answered

Percent of People with Each Score

Your Score History

You have not taken this quiz